General anthropology/ (Record no. 165377)
[ view plain ]
| 000 -LEADER | |
|---|---|
| fixed length control field | 00506nam a22001817a 4500 |
| 005 - DATE AND TIME OF LATEST TRANSACTION | |
| control field | 20190614151806.0 |
| 010 ## - LCCN (DPL NO) | |
| LC control number | B-125607 |
| 020 ## - INTERNATIONAL STANDARD BOOK NUMBER | |
| International Standard Book Number | 9788192799926 |
| Terms of availability | 1180.00 |
| 035 ## - SYSTEM CONTROL NUMBER | |
| System control number | EN-109139 |
| 037 ## - SOURCE OF ACQUISITION | |
| Source of stock number/acquisition | DBAD/PUB |
| 082 ## - DEWEY DECIMAL CLASSIFICATION NUMBER | |
| Classification number | 301 |
| 100 ## - MAIN ENTRY--PERSONAL NAME | |
| Personal name | Reddy, V Rami |
| 245 ## - TITLE STATEMENT | |
| Title | General anthropology/ |
| Statement of responsibility, etc | by V. Rami Reddy |
| 260 ## - PUBLICATION, DISTRIBUTION, ETC. (IMPRINT) | |
| Place of publication, distribution, etc | Tirupati |
| Name of publisher, distributor, etc | V.Indira |
| Date of publication, distribution, etc | 2018 |
| 270 ## - ADDRESS | |
| Address | 8-30,Vidyanagar, |
| City | Svunt colony, Tirupati |
| Postal code | 517502 |
| 300 ## - PHYSICAL DESCRIPTION | |
| Extent | xii,289p. |
| Dimensions | 25cm(pbk) |
| 942 ## - ADDED ENTRY ELEMENTS (KOHA) | |
| Source of classification or shelving scheme | Dewey Decimal Classification |
| Item type | English Books |
| Classification part | 301 |
| Call number suffix | RED |
| Withdrawn status | Lost status | Not for loan | Collection code | Home library | Current library | Date acquired | Source of acquisition | Cost, normal purchase price | Full call number | Barcode | Copy number | Cost, replacement price | Koha item type |
|---|---|---|---|---|---|---|---|---|---|---|---|---|---|
| Non-fiction | Sarojini Nagar | Sarojini Nagar | 14/06/2019 | DBAD/PUB | 1180.00 | 301 RED | EN-109139 | 1 | 1180.00 | English Books |
